000 00494nam a2200133Ia 4500
005 20260209120144.0
008 260209s9999||||xx |||||||||||||| ||und||
100 _aArjun S.
245 0 _aTaming the propaganda machine : regulation of concentrated mass media ownership
260 _aBangaloreBangalore
_bNLSIU, Bangalore
_c2021
300 _a47 p. ; 25 cm.
700 _aProf. Sudhir Krishnaswamy - GuideProf. Sudhir Krishnaswamy - Guide
856 _uhttps://dans.nls.ac.in/handle/123456789/857
999 _c217493
_d217493